Право быть лидером; Стандарты и качество; № 9

Dades bibliogràfiques
Parent link:Стандарты и качество: научно-технический журнал/ Российская Федерация, Государственный комитет по стандартизации и метрологии (Госстандарт России).— , 1980-.— 0038-9692
№ 9.— 2004.— С. 96-100
Autor principal: Рубцова Л.
Idioma:rus
Publicat: 2004
Col·lecció:Путь к успеху: опыт передовых предприятий
Matèries:
Format: MixedMaterials Capítol de llibre
KOHA link:https://koha.lib.tpu.ru/cgi-bin/koha/opac-detail.pl?biblionumber=459722

MARC

LEADER 00000naa2a2200000 4500
001 459722
005 20231101085149.0
035 |a (RuTPU)RU\TPU\prd\123519 
035 |a RU\TPU\prd\30886 
090 |a 459722 
100 |a 20111024a2004 k y0rusy50 ca 
101 0 |a rus 
102 |a RU 
200 1 |a Право быть лидером  |f Л. Рубцова 
225 1 |a Путь к успеху: опыт передовых предприятий 
461 1 |0 (RuTPU)RU\TPU\prd\992  |x 0038-9692  |t Стандарты и качество  |o научно-технический журнал  |f Российская Федерация, Государственный комитет по стандартизации и метрологии (Госстандарт России)  |d 1980- 
463 1 |0 (RuTPU)RU\TPU\prd\123495  |t № 9  |v С. 96-100  |d 2004 
610 1 |a Севергазпром 
610 1 |a мировой рынок 
610 1 |a международные рынки 
610 1 |a качество продукции 
610 1 |a газовая промышленность 
610 1 |a технический углерод 
610 1 |a газопереработка 
610 1 |a сажа 
700 1 |a Рубцова  |b Л. 
801 1 |a RU  |b 63413507  |c 20041209  |g PSBO 
801 2 |a RU  |b 63413507  |c 20111024  |g RCR 
942 |c BK